| 000 | 00378nam a2200145Ia 4500 | ||
|---|---|---|---|
| 008 | 230312s9999||||xx |||||||||||||| ||und|| | ||
| 020 | _a81-203-3913-2 | ||
| 082 |
_a658.155 _bDOR-I |
||
| 100 | _aDorfman;Mark.S | ||
| 245 | 0 | _aIntroduction to Risk Management and Insurance | |
| 260 |
_bPHI _aIndia _c2009 |
||
| 300 | _a567 | ||
| 650 |
_aManagement _vRisk Management |
||
| 942 | _cBK | ||
| 999 |
_c11234 _d11234 |
||